Ekonomické vědy v socialistických zemích

Gespeichert in:
Bibliographische Detailangaben
Format: Schriftenreihe
Sprache:Tschechisch
Veröffentlicht: Praha Ekonomický ústav ČSAV 1988
Tags: Tag hinzufügen
Keine Tags, Fügen Sie das erste Tag hinzu!

MARC

LEADER 00000nas2a2200000 4500
001 s030614
005 20250730114140.8
041 0 |a cze 
044 |a CZ 
245 1 0 |a Ekonomické vědy v socialistických zemích 
264 1 |a Praha  |b Ekonomický ústav ČSAV  |c 1988 
773 0 |w eu_un_cat*s121040